|
|
|
|
| LEADER |
01581nam a2200265 a 4500 |
| 001 |
GR-MES16492 |
| 008 |
140523s2003 gr gz 000 0 gre d |
| 040 |
|
|
|a GrPaTEI
|b gre
|c GR-PaULI
|
| 040 |
|
|
|a GrPaTEI
|b gre
|c GR-PaULI
|
| 100 |
1 |
|
|a Νικολόπουλος, Γεώργιος
|
| 245 |
1 |
0 |
|a Κατασκευαστική δομή και βοηθητικά συστήματα σύγχρονων δίχρονων βενζινομηχανών μικρής και μέσης ισχύος /
|c Σπουδαστές:Γεώργιος Νικολόπουλος,Μιχαήλ Πατεράκης ; Εισηγητές:Γεράσιμος Γυφτογιάννης.
|
| 260 |
|
|
|a Μεσολόγγι :
|b ΤΕΙ Δυτικής Ελλάδας,
|c 2003
|
| 300 |
|
|
|a 93 σ. :
|b εικ.,σχημ.
|
| 504 |
|
|
|a βιβλιογραφία:σ.92
|
| 650 |
|
4 |
|a Γεωργικά μηχανήματα
|x Βενζινομηχανές
|
| 650 |
|
4 |
|a Πτυχιακή εργασία
|y 2003
|
| 700 |
1 |
|
|a Γυφτογιάννης, Γεράσιμος
|
| 700 |
1 |
|
|a Πατεράκης, Μιχήλ
|
| 710 |
0 |
|
|a Σ.ΤΕ.Γ..
|b Τμήμα Γεωργικής Μηχανολογίας και Υδάτινων πόρων
|
| 710 |
0 |
|
|a ΤΕΙ Δυτικής Ελλάδας
|
| 856 |
4 |
0 |
|u https://nereus.library.upatras.gr/formermes//ptyxiakes/steg/steg_myp/2001-2015/117pe.pdf
|
| 942 |
|
|
|2 ddc
|
| 952 |
|
|
|0 0
|1 0
|2 ddc
|4 0
|7 0
|9 274496
|a MSLG
|b MSLG
|c BSC
|d 2021-01-17
|e 24
|f 0
|g 0.00
|l 0
|p 24200117
|r 2021-01-17 00:00:00
|t 1
|v 2021.00
|w 2021-01-17
|y BK15
|x 20140523 0 K.G. 0
|x GrPaTEI
|
| 971 |
|
|
|a .b25825410
|b 16-04-20
|c 13-09-16
|
| 999 |
|
|
|c 158841
|d 158841
|